000 01309nam a22002897a 4500
999 _c119742
_d119742
003 dpl
005 20190403113033.0
008 190403b ||||| |||| 00| 0 eng d
010 _aB-075374
020 _c160.00
_a817995018
035 _aB-075374, B-075378
037 _bCen Lib/Ret
040 _aDPL
_bHN
_c0
082 _a005
_bगोयल
100 _aगोयल, एम.एम
_973
245 _aकंप्यूटर क्रांति :
_cएम.एम गोयल [एवं] प्रिय गोयल
_bएक परिचय /
246 _aComputer kranti : ek parichay /
_bby M.M. Goyal [evam] Priya Goyal
260 _aजयपुर
_bअनुप्रिया पब्लिशिंग हाउस
270 _bजयपुर
_aमालवीय नगर
_e302017
300 _a130पृ.:
_c20सेमी(सजिल्द )
_bसचित्र
650 _aकंप्यूटर विज्ञान
_x
_z
_986644
650 _aकंप्यूटर विज्ञान--भण्डारण के उपकरण
_986645
650 _aComputer Science
_986646
650 _aComputer Science - storage equipment
_986647
700 _aगोयल, प्रिया
_986648
942 _2ddc
_cHN
_h005
_mगोयल